| 000 | 01113 a2200253 4500 | ||
|---|---|---|---|
| 003 | Nust | ||
| 005 | 20230908120929.0 | ||
| 010 | _a 95081167 | ||
| 020 | _c0071141413 | ||
| 035 | _a(OCoLC)34275671 | ||
| 040 | _cNust | ||
| 082 | 0 | 0 | _a658.4038011,DEW |
| 100 | 1 |
_aDewitz, Sandra. _999660 |
|
| 245 | 1 | 0 |
_aSystems analysis and design and the transition to objects / _cSandra Donaldson Dewitz. |
| 260 |
_aNew York : _bMcGraw-Hill ; _c1996. |
||
| 300 |
_axvii, 557 p. : _bill. ; _c24 cm. |
||
| 505 | _aPART-1: An Overview of Systems Development )Page-1), PART-2: Preliminary Investigation and Analysis (Page-125), PART-3: Interactive Analysis, Design, Primary Construction and Review (Page-273), PART-4: Final Construction, Testing, Installation, and Review (Page-477). | ||
| 650 | 0 |
_aObject-oriented methods (Computer science) _925876 |
|
| 650 | 0 |
_aSystem analysis. _92233 |
|
| 650 | 0 |
_aSystem design. _92255 |
|
| 856 | 4 | 2 |
_3Publisher description _uhttp://www.loc.gov/catdir/description/mh022/95081167.html |
| 856 | 4 | 2 |
_3Table of contents _uhttp://www.loc.gov/catdir/toc/mh022/95081167.html |
| 942 |
_cREF _2ddc |
||
| 999 |
_c174755 _d174755 |
||